[Event "9th Panamerican Team"]
[Site "Campinas BRA"]
[Date "2013.01.27"]
[Round "4.4"]
[White "Izquierdo, Daniel"]
[Black "Matsuura, Everaldo"]
[Result "1/2-1/2"]
[WhiteTitle "FM"]
[BlackTitle "GM"]
[WhiteElo "2247"]
[BlackElo "2475"]
[WhiteTeam "URU"]
[BlackTeam "BRA"]
[WhiteFideId "3000044"]
[BlackFideId "2100169"]
[EventDate "2013.01.24"]
[EventType "team"]

1. Nf3 d5 2. d4 Nf6 3. e3 c5 4. b3 Bg4 5. Be2 Nc6 6. O-O e6 7. Nbd2 cxd4 8. exd4
Qa5 9. Bb2 Ba3 10. Bxa3 Qxa3 11. c3 O-O 12. Re1 Rac8 13. h3 Bf5 14. Nh4 Ne4 15.
Nxe4 Bxe4 16. f3 Bg6 17. Qd2 Ne7 18. Nxg6 hxg6 19. Rac1 Qd6 20. f4 Rc7 21. Bd3
Rfc8 22. Rc2 Qb6 23. Kh2 Rc6 24. Rec1 a6 25. Qe3 Qd8 26. g4 b5 27. Bf1 Qc7 28.
Kh1 b4 29. c4 dxc4 30. Rxc4 Qd7 31. Bg2 Nd5 32. Qe5 Rxc4 33. Rxc4 a5 34. Bxd5
exd5 35. Rxc8+ Qxc8 36. Qxd5 Qc1+ 37. Kg2 Qd2+ 38. Kg3 Qe1+ 39. Kg2 Qe2+ 40. Kg3
Qe3+ 41. Kg2 Qxf4 42. Qd8+ Kh7 43. Qh4+ Kg8 44. Qd8+ Kh7 45. Qh4+ Qh6 46. Qf2 f6
47. h4 Qc1 48. d5 Qd1 49. Qf3 Qd2+ 50. Kh3 Qxa2 51. h5 Qc2 52. hxg6+ Kxg6 53. d6
Qc3 54. Qxc3 bxc3 55. d7 c2 56. d8=Q c1=Q 57. Qxa5 Qe3+ 58. Kh4 Qf2+ 59. Kh3
Qf3+ 60. Kh4 Qh1+ 61. Kg3 Qg1+ 62. Kh3 Qe3+ 63. Kh4 1/2-1/2

[Event "9th Panamerican Team"]
[Site "Campinas BRA"]
[Date "2013.01.28"]
[Round "5.2"]
[White "Roselli Mailhe, Bernardo"]
[Black "Bruzon Batista, Lazaro"]
[Result "0-1"]
[WhiteTitle "IM"]
[BlackTitle "GM"]
[WhiteElo "2449"]
[BlackElo "2701"]
[WhiteTeam "URU"]
[BlackTeam "CUB"]
[WhiteFideId "3000028"]
[BlackFideId "3503739"]
[EventDate "2013.01.24"]
[EventType "team"]

1. d4 Nf6 2. c4 e6 3. Nc3 Bb4 4. Qc2 c5 5. dxc5 Bxc5 6. Nf3 Qb6 7. e3 Be7 8. Bd3
Qc7 9. O-O d6 10. b4 Nbd7 11. Bb2 a6 12. Rac1 b6 13. Ne4 Bb7 14. a3 Rc8 15. Rfe1
Nxe4 16. Bxe4 Bxe4 17. Qxe4 O-O 18. h3 h6 19. Red1 Rfd8 20. Qh4 Bf8 21. Qg3 e5
22. Nh4 Qc6 23. Qf3 g6 24. Qe2 a5 25. b5 Qe4 26. g3 Be7 27. f3 Qb7 28. Ng2 f5
29. g4 Rf8 30. gxf5 Rxf5 31. e4 Rh5 32. h4 Rf8 33. Rc3 Qc7 34. Qf2 Kh7 35. Qg3
Bxh4 36. Qg4 Bg5 37. Bc1 Bxc1 38. Rdxc1 Rf6 39. c5 Nxc5 40. Rd1 Rg5 41. Qh3 Qf7
42. Qc8 Qa2 43. Qh3 Rf7 44. Re3 Ne6 0-1